Catálogo - Centro de Recursos para el Aprendizaje y la Investigación

Volver al Sitio - CRAI Biblioteca

Events management : (Registro nro. 114127)

Detalles MARC
000 -CABECERA
campo de control de longitud fija 02024cam a2200301 i 4500
001 - NÚMERO DE CONTROL
campo de control 114127
003 - IDENTIFICADOR DEL NÚMERO DE CONTROL
campo de control DR-UNIBE
005 - FECHA Y HORA DE LA ÚLTIMA TRANSACCIÓN
campo de control 20251001151331.0
008 - DATOS DE LONGITUD FIJA--INFORMACIÓN GENERAL
campo de control de longitud fija 211202s2023 vp a b 001 0 eng
020 ## - NÚMERO INTERNACIONAL ESTÁNDAR DEL LIBRO
Número Internacional Estándar del Libro 9780367610043
Información calificativa (paperback)
040 ## - FUENTE DE LA CATALOGACIÓN
Centro catalogador/agencia de origen DLC
Lengua de catalogación eng
Normas de descripción rda
Centro/agencia transcriptor DLC
Centro/agencia modificador BIBLIOTECA UNIBE
041 ## - CÓDIGO DE LENGUA
Código de lengua del texto/banda sonora o título independiente eng
082 00 - NÚMERO DE LA CLASIFICACIÓN DECIMAL DEWEY
Número de clasificación 394.2068 E93m 2023
Número de edición 23
245 10 - MENCIÓN DE TÍTULO
Título Events management :
Resto del título an introduction /
Mención de responsabilidad, etc. Charles Bladen [y otros tres]
250 ## - MENCIÓN DE EDICIÓN
Mención de edición Tercera edición
260 ## - PUBLICACIÓN, DISTRIBUCIÓN, ETC.
Lugar de publicación, distribución, etc. London ;
-- New York, NY :
Nombre del editor, distribuidor, etc. Routledge, Taylor & Francis Group,
Fecha de publicación, distribución, etc. 2023
300 ## - DESCRIPCIÓN FÍSICA
Extensión xxiii, 465 páginas :
Otras características físicas ilustraciones
504 ## - NOTA DE BIBLIOGRAFÍA, ETC.
Nota de bibliografía, etc. Incluye referencias bibliográficas e índice.
505 ## - NOTA DE CONTENIDO CON FORMATO
Nota de contenido con formato Introduction to events management | <br/> Event project management : feasibility, planning, delivery and evaluation | <br/> Event design and production | <br/> Event operations | <br/> Event human resource management | <br/> Event finance | <br/> Event marketing | <br/> Event law, health, safety and risk management | <br/> Sporting events | <br/> Mega-events | <br/> Events in the public and third sectors | <br/> Business events | <br/> Cultural events and festivals | <br/> Event impacts and sustainability | <br/> Events and the media. <br/>
520 ## - SUMARIO, ETC.
Sumario, etc. "Contemporary events management is a diverse and challenging field. This introductory textbook fully explores the multidisciplinary nature of events management and provides the student with all the practical skills and professional knowledge they need to succeed in the events industry. Written by a team of authors with many years' experience of working in the events industry, Events Management: An Introduction is the essential course text for any events management programme"--
Fuente proveedora Provided by publisher.
653 00 - TÉRMINO DE INDIZACIÓN--NO CONTROLADO
Término no controlado Eventos especiales -- Administración
653 00 - TÉRMINO DE INDIZACIÓN--NO CONTROLADO
Término no controlado Actividades sociales -- Administración
700 ## - PUNTO DE ACCESO ADICIONAL--NOMBRE DE PERSONA
Nombre de persona Bladen, Charles
9 (RLIN) 199514
Término indicativo de función/relación autor
700 1# - PUNTO DE ACCESO ADICIONAL--NOMBRE DE PERSONA
Nombre de persona Kennell, James,
Término indicativo de función/relación autor
9 (RLIN) 199516
700 1# - PUNTO DE ACCESO ADICIONAL--NOMBRE DE PERSONA
Nombre de persona Abson, Emma,
Término indicativo de función/relación autor
9 (RLIN) 199517
700 1# - PUNTO DE ACCESO ADICIONAL--NOMBRE DE PERSONA
Nombre de persona Wilde, Nick,
Término indicativo de función/relación autor
9 (RLIN) 199518
942 ## - ELEMENTOS DE PUNTO DE ACCESO ADICIONAL (KOHA)
Fuente del sistema de clasificación o colocación Sistema de Clasificación Decimal Dewey
Tipo de ítem Koha Libro (general)
Existencias
Estado de retiro Estado de pérdida Fuente del sistema de clasificación o colocación No para préstamo Código de colección Localización permanente Ubicación/localización actual Ubicación en estantería Fecha de adquisición Total de préstamos Signatura topográfica completa Código de barras Fecha visto por última vez Número de copia Precio válido a partir de Tipo de ítem Koha
  Disponible Sistema de Clasificación Decimal Dewey   General Biblioteca Central UNIBE Biblioteca Central UNIBE Área de exhibición 01/10/2025   394.2068 E93m 2023 251036 01/10/2025 Ej. 1 01/10/2025 Libro (general)